000 00342nam a2200145Ia 4500
008 090124s9999 xx 000 0 und d
082 _b304012
245 _a कांता
250 _a1
260 _bकेळकर राजा
_c2000
300 _a183
630 _a कांता
730 _a कांता
942 _cBOOK
999 _c193649
_d193649